00527nam a2200193Ia 4500003000400000005001700004008004100021040000700062041000800069082001900077100003700096245006300133260005400196300001000250365001300260440000900273650002900282650002200311OSt20230522155348.0210423s2002 xx 000 0 und d cAL aeng a323 223bIIHR aINDIAN INSTITUTE OF HUMAN RIGHTS aImplementation enforcement and realization of human rights aNew DelhibIndian Institute of Human Rightsc2002 a1,104 b250cINR v4B.3 aCivil & Political Rights aPolitical Science